<?xml version="1.0" encoding="UTF-8"?>
<record
    xmlns:xsi="http://www.w3.org/2001/XMLSchema-instance"
    xsi:schemaLocation="http://www.loc.gov/MARC21/slim http://www.loc.gov/standards/marcxml/schema/MARC21slim.xsd"
    xmlns="http://www.loc.gov/MARC21/slim">

  <leader>01047nam a22001697a 4500</leader>
  <controlfield tag="005">20210414113947.0</controlfield>
  <controlfield tag="008">120529t        xxu||||| |||| 00| 0 eng d</controlfield>
  <datafield tag="020" ind1=" " ind2=" ">
    <subfield code="a">1861523459</subfield>
  </datafield>
  <datafield tag="050" ind1=" " ind2=" ">
    <subfield code="a">HF5549.H88</subfield>
  </datafield>
  <datafield tag="245" ind1=" " ind2=" ">
    <subfield code="a">Human resource management : a critical text. /</subfield>
    <subfield code="c">edited by John Storey</subfield>
  </datafield>
  <datafield tag="260" ind1=" " ind2=" ">
    <subfield code="a">Boston:</subfield>
    <subfield code="b">Thomson Publishing Company,</subfield>
    <subfield code="c">1995.</subfield>
  </datafield>
  <datafield tag="300" ind1=" " ind2=" ">
    <subfield code="a">vi, 399 p. ;</subfield>
    <subfield code="b">ill. :</subfield>
    <subfield code="c">23.4 cm.</subfield>
  </datafield>
  <datafield tag="500" ind1=" " ind2=" ">
    <subfield code="a">Includes index.</subfield>
  </datafield>
  <datafield tag="505" ind1=" " ind2=" ">
    <subfield code="a">Contents: Human resource management: still marching on, or marching out? -- HRM rhetoric, reality and hidden agendas -- Corporate strategy and its link with human resource management strategy -- Human resource management, trade unions and industrial relationships -- Accountancy and HRM -- Human resource planning -- Recruitment, selection and assessment -- Training and development -- Reward systems -- Involvement and participation -- HRM: the European dimensions -- HRM: an American view -- International human resource management -- Future prospects.</subfield>
  </datafield>
  <datafield tag="650" ind1=" " ind2=" ">
    <subfield code="a">Personnel management. </subfield>
  </datafield>
  <datafield tag="942" ind1=" " ind2=" ">
    <subfield code="2">lcc</subfield>
    <subfield code="c">BK</subfield>
  </datafield>
  <datafield tag="999" ind1=" " ind2=" ">
    <subfield code="c">985</subfield>
    <subfield code="d">8485</subfield>
  </datafield>
  <datafield tag="952" ind1=" " ind2=" ">
    <subfield code="0">0</subfield>
    <subfield code="1">0</subfield>
    <subfield code="2">lcc</subfield>
    <subfield code="4">0</subfield>
    <subfield code="7">0</subfield>
    <subfield code="a">WIUC-1</subfield>
    <subfield code="b">WIUC-1</subfield>
    <subfield code="c">GEN</subfield>
    <subfield code="d">2012-05-29</subfield>
    <subfield code="l">0</subfield>
    <subfield code="o">HF5549.H88</subfield>
    <subfield code="p">2614/12</subfield>
    <subfield code="r">2012-05-29 00:00:00</subfield>
    <subfield code="t">1</subfield>
    <subfield code="w">2012-05-29</subfield>
    <subfield code="y">BK</subfield>
  </datafield>
  <datafield tag="952" ind1=" " ind2=" ">
    <subfield code="0">0</subfield>
    <subfield code="1">0</subfield>
    <subfield code="2">lcc</subfield>
    <subfield code="4">0</subfield>
    <subfield code="7">0</subfield>
    <subfield code="a">WIUC-1</subfield>
    <subfield code="b">WIUC-1</subfield>
    <subfield code="c">GEN</subfield>
    <subfield code="d">2012-05-29</subfield>
    <subfield code="l">0</subfield>
    <subfield code="o">HF5549.H881</subfield>
    <subfield code="p">2615/12</subfield>
    <subfield code="r">2012-05-29 00:00:00</subfield>
    <subfield code="t">2</subfield>
    <subfield code="w">2012-05-29</subfield>
    <subfield code="y">BK</subfield>
  </datafield>
  <datafield tag="952" ind1=" " ind2=" ">
    <subfield code="0">0</subfield>
    <subfield code="1">0</subfield>
    <subfield code="2">lcc</subfield>
    <subfield code="4">0</subfield>
    <subfield code="7">0</subfield>
    <subfield code="a">WIUC-1</subfield>
    <subfield code="b">WIUC-1</subfield>
    <subfield code="c">GEN</subfield>
    <subfield code="d">2012-05-29</subfield>
    <subfield code="l">0</subfield>
    <subfield code="o">HF5549.H882</subfield>
    <subfield code="p">2616/12</subfield>
    <subfield code="r">2012-05-29 00:00:00</subfield>
    <subfield code="t">3</subfield>
    <subfield code="w">2012-05-29</subfield>
    <subfield code="y">BK</subfield>
  </datafield>
  <datafield tag="952" ind1=" " ind2=" ">
    <subfield code="0">0</subfield>
    <subfield code="1">0</subfield>
    <subfield code="2">lcc</subfield>
    <subfield code="4">0</subfield>
    <subfield code="7">0</subfield>
    <subfield code="a">WIUC-1</subfield>
    <subfield code="b">WIUC-1</subfield>
    <subfield code="c">GEN</subfield>
    <subfield code="d">2012-05-29</subfield>
    <subfield code="l">0</subfield>
    <subfield code="o">HF5549.H883</subfield>
    <subfield code="p">2617/12</subfield>
    <subfield code="r">2012-05-29 00:00:00</subfield>
    <subfield code="t">4</subfield>
    <subfield code="w">2012-05-29</subfield>
    <subfield code="y">BK</subfield>
  </datafield>
  <datafield tag="952" ind1=" " ind2=" ">
    <subfield code="0">0</subfield>
    <subfield code="1">0</subfield>
    <subfield code="2">lcc</subfield>
    <subfield code="4">0</subfield>
    <subfield code="7">0</subfield>
    <subfield code="a">WIUC-1</subfield>
    <subfield code="b">WIUC-1</subfield>
    <subfield code="c">GEN</subfield>
    <subfield code="d">2012-05-29</subfield>
    <subfield code="l">0</subfield>
    <subfield code="o">HF5549.H884</subfield>
    <subfield code="p">2618/12</subfield>
    <subfield code="r">2012-05-29 00:00:00</subfield>
    <subfield code="t">5</subfield>
    <subfield code="w">2012-05-29</subfield>
    <subfield code="y">BK</subfield>
  </datafield>
  <datafield tag="952" ind1=" " ind2=" ">
    <subfield code="0">0</subfield>
    <subfield code="1">0</subfield>
    <subfield code="2">lcc</subfield>
    <subfield code="4">0</subfield>
    <subfield code="7">0</subfield>
    <subfield code="a">WIUC-1</subfield>
    <subfield code="b">WIUC-1</subfield>
    <subfield code="c">GEN</subfield>
    <subfield code="d">2012-05-29</subfield>
    <subfield code="l">0</subfield>
    <subfield code="o">HF5549.H885</subfield>
    <subfield code="p">2619/12</subfield>
    <subfield code="r">2012-05-29 00:00:00</subfield>
    <subfield code="t">6</subfield>
    <subfield code="w">2012-05-29</subfield>
    <subfield code="y">BK</subfield>
  </datafield>
  <datafield tag="952" ind1=" " ind2=" ">
    <subfield code="0">0</subfield>
    <subfield code="1">0</subfield>
    <subfield code="2">lcc</subfield>
    <subfield code="4">0</subfield>
    <subfield code="7">0</subfield>
    <subfield code="a">WIUC-1</subfield>
    <subfield code="b">WIUC-1</subfield>
    <subfield code="c">GEN</subfield>
    <subfield code="d">2012-05-29</subfield>
    <subfield code="l">0</subfield>
    <subfield code="o">HF5549.H886</subfield>
    <subfield code="p">2620/12</subfield>
    <subfield code="r">2012-05-29 00:00:00</subfield>
    <subfield code="t">7</subfield>
    <subfield code="w">2012-05-29</subfield>
    <subfield code="y">BK</subfield>
  </datafield>
  <datafield tag="952" ind1=" " ind2=" ">
    <subfield code="0">0</subfield>
    <subfield code="1">0</subfield>
    <subfield code="2">lcc</subfield>
    <subfield code="4">0</subfield>
    <subfield code="7">0</subfield>
    <subfield code="a">WIUC-1</subfield>
    <subfield code="b">WIUC-1</subfield>
    <subfield code="c">GEN</subfield>
    <subfield code="d">2012-05-29</subfield>
    <subfield code="l">0</subfield>
    <subfield code="o">HF5549.H887</subfield>
    <subfield code="p">2621/12</subfield>
    <subfield code="r">2012-05-29 00:00:00</subfield>
    <subfield code="t">8</subfield>
    <subfield code="w">2012-05-29</subfield>
    <subfield code="y">BK</subfield>
  </datafield>
  <datafield tag="952" ind1=" " ind2=" ">
    <subfield code="0">0</subfield>
    <subfield code="1">0</subfield>
    <subfield code="2">lcc</subfield>
    <subfield code="4">0</subfield>
    <subfield code="7">0</subfield>
    <subfield code="a">WIUC-1</subfield>
    <subfield code="b">WIUC-1</subfield>
    <subfield code="c">GEN</subfield>
    <subfield code="d">2012-05-29</subfield>
    <subfield code="l">0</subfield>
    <subfield code="o">HF5549.H888</subfield>
    <subfield code="p">2622/12</subfield>
    <subfield code="r">2012-05-29 00:00:00</subfield>
    <subfield code="t">9</subfield>
    <subfield code="w">2012-05-29</subfield>
    <subfield code="y">BK</subfield>
  </datafield>
  <datafield tag="952" ind1=" " ind2=" ">
    <subfield code="0">0</subfield>
    <subfield code="1">0</subfield>
    <subfield code="2">lcc</subfield>
    <subfield code="4">0</subfield>
    <subfield code="7">0</subfield>
    <subfield code="a">WIUC-1</subfield>
    <subfield code="b">WIUC-1</subfield>
    <subfield code="c">GEN</subfield>
    <subfield code="d">2012-05-29</subfield>
    <subfield code="l">0</subfield>
    <subfield code="o">HF5549.H889</subfield>
    <subfield code="p">2623/12</subfield>
    <subfield code="r">2012-05-29 00:00:00</subfield>
    <subfield code="t">10</subfield>
    <subfield code="w">2012-05-29</subfield>
    <subfield code="y">BK</subfield>
  </datafield>
</record>
